La aventura de un pobre cristiano / (Record no. 144470)

MARC details
000 -LEADER
campo de control de longitud fija 00497nam a2200169 4500
001 - NÚMERO DE CONTROL
campo de control 144470
003 - IDENTIFICADOR DE NÚMERO DE CONTROL
campo de control ES-MaACL
005 - FECHA Y HORA DE LA ÚLTIMA TRANSACCIÓN
campo de control 20230906201026.0
007 - CAMPO FIJO DE DESCRIPCIÓN FÍSICA--INFORMACIÓN GENERAL
campo de control de longitud fija t|
008 - DATOS DE LONGITUD FIJA--INFORMACIÓN GENERAL
campo de control de longitud fija 070214s1969 ag r ||||1| spa d
100 1# - ENTRADA PRINCIPAL--NOMBRE DE PERSONA
Nombre de persona Silone, Ignazio.
9 (RLIN) 106355
245 13 - MENCIÓN DEL TÍTULO
Título La aventura de un pobre cristiano /
Mención de responsabilidad, etc. Ignazio Silone ; traducción de Alma Marani.
260 ## - PUBLICACIÓN, DISTRIBUCIÓN, ETC.
Lugar de publicación, distribución, etc. Buenos Aires :
Nombre del editor, distribuidor, etc. Emecé,
Fecha de publicación, distribución, etc. 1969.
300 ## - DESCRIPCIÓN FÍSICA
Extensión 244 p. ;
Dimensiones 19 cm.
700 1# - ENTRADA AGREGADA--NOMBRE PERSONAL
Nombre de persona Marani, Alma.
9 (RLIN) 76306
852 ## - LOCALIZACIÓN
Ubicación ES-MaACL
Número de control de estantería A-7684
Sublocalización o colección R.96401
Holdings
Estatus retirado Estado de pérdida Estado de daño No para préstamo Biblioteca de origen Biblioteca actual Ubicación en estantería Fecha de adquisición Fuente de adquisición Total de préstamos Signatura topográfica completa Código de barras Visto por última vez Precio de reemplazo Tipo de ítem Koha
        Biblioteca del Ateneo de Madrid Biblioteca del Ateneo de Madrid Sala Pecera Planta 1 17/01/2008     A-7684 1150311 23/02/2023 23/02/2023 Libro impreso